000 00695nam a2200289Ia 4500
005 20260324140757.0
008 008 260324s9999 xx 000 0 eng d
020 _a9780203214459
037 _aEBOOK
040 _aCRL
040 _beng
040 _cCRL
041 _2eng
041 _aeng
084 _qCRL
100 _aBrian Ward
_91205706
245 0 _aJust My Soul Responding
245 0 _bRhythm And Blues, Black Consciousness And Race Relations
260 _bTaylor and Francis
260 _c1998
365 _a
365 _b220
856 _uhttp://www.taylorfrancis.com/books/9780203214459
942 _cEBOOK
999 _c1808099
_d1808099